Normal view
MARC view
Entry Personal Name
001 - CONTROL NUMBER
- control field: 43056
003 - CONTROL NUMBER IDENTIFIER
- control field: ARRUPE
005 - DATE AND TIME OF LATEST TRANSACTION
- control field: 20181023093932.0
008 - FIXED-LENGTH DATA ELEMENTS
- fixed length control field: 181023|| aca||aabn | a|a d
040 ## - CATALOGING SOURCE
- Original cataloging agency: ARRUPE
- Transcribing agency: ARRUPE
100 ## - HEADING--PERSONAL NAME
- Personal name: Guidotti Mistrali, Luisa,
- Dates associated with a name: 1932-1979
- General subdivision: Correspondence.
670 ## - SOURCE DATA FOUND
- Source citation: Work cat.: (ARRUPE)0: Guidotti Mistrali, Luisa, 1932-1979. 43054, Shona con gli Shona :, c1990.